Auto-technology fundamentals series II / (Record no. 14490)

MARC details
000 -LEADER
fixed length control field 00763nam a2200229Ia 4500
008 - FIXED-LENGTH DATA ELEMENTS--GENERAL INFORMATION
fixed length control field 210303s9999 xx 000 0 und d
016 ## - NATIONAL BIBLIOGRAPHIC AGENCY CONTROL NUMBER
Source retro2021
020 ## - INTERNATIONAL STANDARD BOOK NUMBER
ISBN 9783390112
040 ## - CATALOGING SOURCE
Original cataloging agency NLN
Language of cataloging English
100 ## - MAIN ENTRY--AUTHOR
Author SALAMI, Kazeem Adebayo
Relator term aut
245 #0 - TITLE STATEMENT
Title Auto-technology fundamentals series II /
Statement of responsibility, etc Kazeem Adebayo Salami
260 ## - PUBLICATION, DISTRIBUTION, ETC. (IMPRINT)
Place of publication Mushin, Lagos ( 207, Agege Motor Road ) :
Name of publisher Inland Printing and Publishers,
Date of publication 1996
300 ## - COLLATION
Pagination vi, 74p. :
Other physical details ill. ; 21cm.
563 ## - BINDING INFORMATION
Binding note (pbk)
650 ## - TRACINGS
Main Subject Automobiles
Subdivision (1st) Examinations, questions, etc
650 ## - TRACINGS
Main Subject Automobiles
Subdivision (1st) Maintenance and repair
650 ## - TRACINGS
Main Subject Automobiles
Subdivision (1st) Study and teaching (Higher)
942 ## - ADDED ENTRY ELEMENTS (KOHA)
Item type Books
942 ## - ADDED ENTRY ELEMENTS (KOHA)
Suppress in OPAC No
050 ## - LIBRARY OF CONGRESS CALL NUMBER
Classification number TL156
Item number .S159
082 ## - DEWEY DECIMAL CLASSIFICATION NUMBER
Classification number 629.2872076
Holdings
Source of classification or shelving scheme Not for loan Home library Current library Date acquired Full call number Barcode. Koha item type
Library of Congress Classification   IBADAN BRANCH LIBRARY National Library of Nigeria 04/03/2021 TL156.S159 2023-1011424812 Books

National Library of Nigeria OPAC is powered by Koha